Trvalá udržateľnosť podnikania v súvislosti s výberom miestnych daní

Zhodnotenie majetkových daní uplatňovaných vo vybranej obci a identifikácia nedostatkov v daňovej politike obce, ktoré by mohli mať negatívny vplyv na jej finančnú situáciu, následne na trvalú udržateľnosť podnikania a návrh opatrení zameraných na zmiernenie alebo odstránenie zistených nedostatkov....

Descripción completa

Guardado en:
Detalles Bibliográficos
Autor principal: Vavrová, Katarína, 1960-
Otros Autores: Sedliačiková, Mariana
Formato: Capítulo de libro
Lenguaje:eslovaco
Materias:
Etiquetas: Agregar Etiqueta
Sin Etiquetas, Sea el primero en etiquetar este registro!

MARC

LEADER 00000nla a2200000 4500
001 0245509
005 20240502073943.1
041 0 |a slo 
044 |a SK 
245 1 0 |a Trvalá udržateľnosť podnikania v súvislosti s výberom miestnych daní  |c Katarína Vavrová, Mariana Sedliačiková 
520 |a Zhodnotenie majetkových daní uplatňovaných vo vybranej obci a identifikácia nedostatkov v daňovej politike obce, ktoré by mohli mať negatívny vplyv na jej finančnú situáciu, následne na trvalú udržateľnosť podnikania a návrh opatrení zameraných na zmiernenie alebo odstránenie zistených nedostatkov. Mapovanie riešenej problematiky bolo realizované na základe analýzy rozpočtového hospodárenia vybranej obce, určenia miery závislosti obce od štátneho rozpočtu a porovnania výsledkov s okolitými obcami v okrese Báhoň. Výsledkom zistení je hodnotenie uplatňovania majetkových daní vo vybranej obci a návrh riešení na zlepšenie daňovej politiky v nadväznosti na podnikateľské subjekty. 
610 2 0 |a politika daňová 
610 2 0 |a dane miestne 
610 2 0 |a dane majetkové 
610 2 0 |a obce 
610 2 0 |a rozvoj trvalo udržateľný 
100 1 |a Vavrová, Katarína, 1960- 
700 1 |a Sedliačiková, Mariana